zpět

Detail výsledku týmu

Měšťanský pivovar, Kojetín

Datum a čas kvízu

30.5 Celkem bodů Celkový počet nahraných bodů na tomto kvízu bez doplňovacích otázek.
5. Pořadí na kvízu Konečné umístění týmu na tomto kvízu.

Zaznamenané odpovědi

# Otázka Odpověď Body Výsledky
1. Clean Up the World je světová... Ukliďme Česko 0
2. Které dva státy minulý týden v... Bulharsko, Rumunsko 1
3. Pondělní vyřizování účtů mezi... Aleš Bejr 0
4. Minulý týden si žena na severu... s bambulí (od čepice) 0
5. Český snowboardista Radek Hous... obarvit se na blond 1
6. Věříme, že ovládáte velkou pal... Drahá vlasti 1
7. Kalaallit Nunaat, tak zní v mí... Dánsko 1
8. Vyberte zemi, jejíž zkratka ná... C 0
9. Švýcarsko má čtyři úřední jazy... 1C 2D 3A 4B 1
10. Na snímku z letiště můžete spa... Dublin 1